000 00554nam a2200181 i 4500
001 101248
003 ES-MaACL
005 20250930063108.0
007 t|
008 051017s1923 gw ||||1| ger d
100 1 _aMayer, August Liebmann,
_d1885-1944
_979345
245 1 0 _aJusepe de Ribera (Lo Spagnoletto) /
_cvon August L. Mayer.
260 _aLeipzig :
_bKarl W. Hiersemann,
_c1923.
300 _a215 p., LII lám. ;
_c26 cm.
600 1 4 _aRibera, José de,
_d1591-1652
_996775
852 _aES-MaACL
_jF-1231
999 _c101248
_d101248